1982: NFL Teams with the Least Points - Statistics

General Stats
  • This quiz has been taken 7 times
  • The average score is 8 of 10
Answer Stats
Number of points NFL Team % Correct
140 Cleveland Browns
100%
143 New England Patriots
100%
129 New Orleans Saints
100%
141 Chicago Bears
83%
148 Denver Broncos
83%
127 Seattle Seahawks
83%
135 St. Louis Cardinals
83%
113 Baltimore Colts
67%
136 Houston Oilers
67%
150 Buffalo Bills
50%
No matching quizzes found
Score Distribution
Percent of People with Each Score
Percentile by Number Answered
Your Score History
You have not taken this quiz